| 000 | 00624nam a22002297a 4500 | ||
|---|---|---|---|
| 003 | LC | ||
| 005 | 20160229141421.0 | ||
| 008 | 121116t xxu||||| |||| 00| 0 eng d | ||
| 020 | _a0749934972 | ||
| 050 |
_aPR 8264 _b.H636 1999 |
||
| 082 |
_aFIC _bJ71h 2004 |
||
| 100 |
_aJones, Christina _920771 |
||
| 245 |
_aThunderfish / _cSimon Higgins. |
||
| 260 |
_aLondon : _bPiatkus Books, _cc2004. |
||
| 300 |
_a313 p. ; _c20 cm. |
||
| 650 |
_aFriendship _xFiction. _920772 |
||
| 650 | _aCoral Sea -- Fiction. | ||
| 650 | _aYoung adult -- Fiction. | ||
| 650 | _aPirates -- Fiction. | ||
| 942 |
_2lcc _cBK |
||
| 999 |
_c11631 _d11631 |
||